000 00430nam a2200145Ia 4500
008 100204s9999 xx 000 0 und d
082 _b5149
100 _aरामपुरे बा. धो.
245 _aफिरकी
260 _b"मेहता पब्लिशिंग हाऊस , पुणे"
_c1982
300 _a124
630 _aफिरकी
730 _aफिरकी
942 _cBOOK
999 _c466583
_d466580